Textos de los grandes filósofos: edad media

Shranjeno v:
Bibliografske podrobnosti
Glavni avtor: Canals Vidal, F (Author)
Format: Knjiga
Jezik:španščina
Izdano: Barcelona Herder 1979
Serija:Curso de Filosofía Tomista, 13
Teme:
Oznake: Označite
Brez oznak, prvi označite!

MARC

LEADER 00000nam a2200000 a 4500
001 UCS8508
003 CL-VaPUC
008 971031e19790000SP |||||||||||||||||spa|d
082 0 4 |a 189  |b CAN  |2 21 
100 0 |a Canals Vidal, F  |e author  |9 393361 
245 1 0 |a Textos de los grandes filósofos: edad media 
300 |a 263 p 
942 |c BK 
945 |d 19971031 00:00:00  |a aalvarez 
260 |a Barcelona  |b Herder  |c 1979 
600 0 |a San Agustín de Hipona  |x Teólogo y filósofo cristiano   |9 311590 
600 0 7 |a SAN ANSELMO  |2 CL-VaPUC  |9 345661 
650 0 |a Filosofía medieval  |9 256245 
650 0 |a Tomismo  |9 259214 
583 |a last modification  |c 20170531 12:23:13  |k Rodrigo Vera 
490 0 |a Curso de Filosofía Tomista, 13 
999 |c 262898  |d 262896 
952 |0 0  |1 0  |4 0  |6 189_000000000000000_CAN_1979  |7 0  |8 A  |9 291829  |a BIBTEO  |b BIBTEO  |d 2019-11-19  |i 2024764  |o 189 CAN 1979  |p 2024764  |r 2025-01-17  |w 2019-11-19  |y BK  |k ICR 
952 |0 0  |1 0  |4 0  |6 189_000000000000000_CAN_1979  |7 0  |8 A  |9 291830  |a BIBTEO  |b BIBTEO  |d 2019-11-19  |i 2024756  |o 189 CAN 1979  |p 2024756  |r 2025-01-17  |w 2019-11-19  |y BK  |k ICR